| 000 | 004220000a22001690004500 | ||
|---|---|---|---|
| 003 | MACL | ||
| 005 | 20160103121551.0 | ||
| 008 | 160103b xxu||||| |||| 00| 0 eng d | ||
| 040 |
_aMACL _cMACL |
||
| 041 | _aEnglish | ||
| 082 | _a822./THO | ||
| 100 |
_aThorndike, Ashley _927611 |
||
| 245 | _aThe Minor Elizabethan Drama | ||
| 260 |
_bJ M Dent & Sons LTD _aLondon |
||
| 650 |
_aPoetry _927612 |
||
| 942 |
_cBK _k821/THO _2ddc |
||
| 999 |
_c39110 _d39110 |
||